| 000 | 00446nam a22001337a 4500 | ||
|---|---|---|---|
| 008 | 210811b ||||| |||| 00| 0 eng d | ||
| 082 | _aPOL.SCI CAP NO.155 | ||
| 100 | _aChoden, Sonam | ||
| 245 |
_aInfluence of Korean Drama on the perceptions of love _bRelationship by female college students at Royal Thimphu College |
||
| 260 |
_aThimphu : _bRoyal Thimphu College, _c2021. |
||
| 300 |
_av, 40 cm. _c30 cm. |
||
| 650 | _astudent work | ||
| 942 | _2ddc | ||
| 999 |
_c8826 _d8827 |
||